LIBRARY & INFORMATION CENTRE, KCAET, TAVANUR

ONLINE PUBLIC ACCESS CATALOGUE (OPAC)

International transfer of Technology (Record no. 280)

MARC details
000 -LEADER
fixed length control field 00463cam a2200193ua 4500
041 ## - LANGUAGE CODE
Language code of text/sound track or separate title eng
082 ## - DEWEY DECIMAL CLASSIFICATION NUMBER
Classification number 600
Item number SAK/IN
100 ## - MAIN ENTRY--AUTHOR NAME
Personal name Sakti, Mukherjee .
245 ## - TITLE STATEMENT
Title International transfer of Technology
250 ## - EDITION STATEMENT
Edition statement 1 /
260 ## - PUBLICATION, DISTRIBUTION, ETC. (IMPRINT)
Place of publication New Delhi :
Name of publisher Mittal publications ,
Year of publication 1989.
300 ## - PHYSICAL DESCRIPTION
Number of Pages 101 ; .
700 1# - ADDED ENTRY--PERSONAL NAME
Personal name Indrani, Mukherjee .
942 ## - ADDED ENTRY ELEMENTS (KOHA)
Koha item type Books
Holdings
Withdrawn status Lost status Damaged status Home library Current library Date acquired Full call number Accession Number Koha item type
      KAUAET KAUAET 07/04/2012 600 SAK/IN 20598 Books
free website counter